Statistics for Born in Antwerp

Click here to take the quiz!

General Stats

  • This quiz has been taken 9 times
    (4 since last reset)
  • The average score is 3 of 7

Answer Stats

HintAnswer% Correct
Footballer who plays for Inter Milan and the Belgian national team1993Romelu Lukaku
100%
Footballer who plays for Rennes and the Belgian national team2002Jérémy Doku
75%
Author and pioneer of Dutch-language literature in Flanders, "The Lion of Flanders"1812Hendrik Conscience
50%
Former footballer who played for Tottenham and the Belgian national team1987Mousa Dembélé
25%
Footballer who plays for Royal Antwerp (former player for Roma, Inter Milan and the Belgian national team)1988Radja Nainggolan
25%
Actor, "Loft" "The Danish Girl" "Rust and Bone"1977Matthias Schoenarts
0%
Governor-General of Belgian Congo from 1934 to 19461891Pierre Ryckmans
0%

Score Distribution

Percentile by Number Answered

Percent of People with Each Score

Your Score History

You have not taken this quiz since the last reset